Исследование и разработка малогабаритных импульсных источников питания рентгеновских аппаратов для дефектоскопии: диссертация на соискание ученой степени кандидата технических наук; спец 05.09.12.

Bibliographic Details
Main Author: Мутовин Ю. В. Юрий Васильевич
Corporate Author: Томский политехнический институт
Other Authors: Ананьев Л. М. (научный руководитель)
Language:Russian
Published: Томск, [Б. и.], 1981
Subjects:
Format: Book
KOHA link:https://koha.lib.tpu.ru/cgi-bin/koha/opac-detail.pl?biblionumber=71498

MARC

LEADER 00000nbm0a2200000 4500
001 71498
005 20231031082705.0
035 |a (RuTPU)RU\TPU\book\76130 
090 |a 71498 
100 |a 20041217d1981 k y0rusy50 ca 
101 0 |a rus 
102 |a RU 
105 |a a m 001zy 
200 1 |a Исследование и разработка малогабаритных импульсных источников питания рентгеновских аппаратов для дефектоскопии  |e диссертация на соискание ученой степени кандидата технических наук  |e спец 05.09.12.  |f Ю. В. Мутовин  |g Томский политехнический институт; науч. рук.: Л. М. Ананьев 
210 |a Томск  |c [Б. и.]  |d 1981 
215 |a 195 л.  |c ил. 
320 |a Библиогр.: с. 187-195 (101 назв.) 
610 1 |a преобразователи 
610 1 |a электричество 
610 1 |a полупроводники 
610 1 |a исследование 
610 1 |a разработка 
610 1 |a импульсные источники 
610 1 |a питание 
610 1 |a рентгеновские аппараты 
610 1 |a дефектоскопия 
610 1 |a диссертации 
610 1 |a электропитание 
610 1 |a источники 
675 |a 620.179.15(048)  |v 3 
686 |a 05.09.12.  |2 oksvnk 
700 1 |a Мутовин  |b Ю. В.  |c специалист в области электроники  |c доцент Томского политехнического университета, кандидат технических наук  |f 1950-  |g Юрий Васильевич  |2 stltpush  |3 (RuTPU)RU\TPU\pers\29195 
702 1 |a Ананьев  |b Л. М.  |4 727 
712 0 2 |a Томский политехнический институт  |2 stltpush  |3 (RuTPU)RU\TPU\col\1123 
801 1 |a RU  |b 63413507  |c 20041217  |g PSBO 
801 2 |a RU  |b 63413507  |c 20160812  |g PSBO 
942 |c BK